Đổi mới quản lý, đổi mới cơ chế tài chính thực hiện công khai ngành Giáo dục Đào tạo quy định mới về hội đồng bộ môn, chỉ tiêu tuyển sinh, chế độ đối với giáo viên cán bộ công chức

Đã lưu trong:
書目詳細資料
主要作者: Thu Huyền
其他作者: Ái Phương
格式: 圖書
出版: H. Lao động 2010
主題:
標簽: 添加標簽
沒有標簽, 成為第一個標記此記錄!
Thư viện lưu trữ: Trung tâm Học liệu Lê Vũ Hùng, Trường Đại học Đồng Tháp
LEADER 01134pam a22002778a 4500
001 00019307
005 20171026081022.0
008 110506s2010 ||||||Viesd
020 |c 295000 
041 0 # |a Vie 
082 1 4 |a 344.597  |b Đ452M 
100 0 # |a Thu Huyền 
245 0 0 |a Đổi mới quản lý, đổi mới cơ chế tài chính thực hiện công khai ngành Giáo dục Đào tạo quy định mới về hội đồng bộ môn, chỉ tiêu tuyển sinh, chế độ đối với giáo viên cán bộ công chức  |c Thu Huyền, Ái Phương 
260 # # |a H.  |b Lao động  |c 2010 
300 # # |c 28 cm.  |a 521 tr. 
653 # # |a Giáo dục 
653 # # |a Pháp luật 
653 # # |a Việt Nam 
653 # # |a Quy định 
700 0 # |a Ái Phương 
852 # # |b Kho giáo trình  |j KGT.0021365, KGT.0021366 
852 # # |b Kho mượn  |j KGT.0021365 
852 # # |j KGT.0021366  |j KGT.0021365  |j KD.0004596 
852 # # |b Kho đọc  |j KD.0004596 
910 |d 06/05/2011 
980 # # |a Trung tâm Học liệu Lê Vũ Hùng, Trường Đại học Đồng Tháp